Top 10 des pays avec le plus haut taux de criminalité en 2025 - Statistiques

Statistiques générales
  • Ce quiz a été pris 107 fois
  • Le résultat moyen est 4 sur 10
Statistiques - réponses
Taux de criminalité Pays % Correct
78.3 Afghanistan
62%
81.2 Venezuela
61%
69.1 Syrie
50%
75.4 Afrique du Sud
49%
77.9 Haïti
44%
73.4 Honduras
39%
68.6 Yemen
33%
68.1 Jamaïque
30%
79.7 Papouasie Nouvelle Guinée
13%
70.8 Trinité et Tobago
4%
Aucun quiz correspondant
Distribution des résultats
% des personnes avec chaque résultat
Percentile par nombre de réponses
Votre historique - résultats
Vous n’avez pas pris ce quiz